[Event "Titled Tuesday intern op 24th Sep Early"]
[Site "Chess.com INT"]
[Date "2024.09.24"]
[Round "8"]
[White "Denisenko, Denis"]
[Black "Serra Canals, Oriol"]
[Result "0-1"]
[WhiteElo "1932"]
[BlackElo "2118"]
[PlyCount "96"]
[EventDate "2024.09.24"]
[EventType "swiss (blitz)"]
[EventRounds "11"]
[EventCountry "USA"]
[SourceTitle "CB41_2024"]
[SourceDate "2024.10.09"]
[SourceVersion "1"]
[SourceVersionDate "2024.10.09"]
[SourceQuality "1"]

1. e4 c6 2. d4 d5 3. e5 c5 4. dxc5 e6 5. a3 Bxc5 6. b4 Be7 7. Qg4 g6 8. Nf3 a5 9. b5 Nd7 10. Bb2 h5 11. Qg3 Nh6 12. Bd3 b6 13. Bxg6 fxg6 14. Qxg6+ Nf7 15. Qxe6 Nf6 16. Qc6+ Bd7 17. Qc3 Ne4 18. Qe3 Be6 19. Nd4 Qd7 20. f3 Bg5 21. f4 Bh6 22. 0-0 Rg8 23. a4 Nxe5 24. Nxe6 Qxe6 25. Nd2 Ng4 26. Qh3 Nxd2 27. Qxh5+ Kd7 28. Rfe1 Ne4 29. c4 Rae8 30. cxd5 Qg6 31. Qh3 Kc7 32. Rac1+ Kb7 33. Rc6 Nef6 34. Rec1 Re7 35. Bd4 Bxf4 36. Rxb6+ Ka8 37. Ra6+ Kb8 38. Rb6+ Rb7 39. Qf3 Bxc1 40. Rxb7+ Kxb7 41. d6+ Qe4 42. Qc3 Be3+ 43. Bxe3 Qxe3+ 44. Qxe3 Nxe3 45. Kf2 Ned5 46. Kf3 Kc8 47. h3 Kd7 48. g4 Kxd6 0-1

[Event "Titled Tuesday intern op 24th Sep Early"]
[Site "Chess.com INT"]
[Date "2024.09.24"]
[Round "2"]
[White "Dumanuly, Sultanbeibarys"]
[Black "Serra Canals, Oriol"]
[Result "0-1"]
[WhiteElo "2081"]
[BlackElo "2118"]
[PlyCount "92"]
[EventDate "2024.09.24"]
[EventType "swiss (blitz)"]
[EventRounds "11"]
[EventCountry "USA"]
[SourceTitle "CB41_2024"]
[SourceDate "2024.10.09"]
[SourceVersion "1"]
[SourceVersionDate "2024.10.09"]
[SourceQuality "1"]

1. e4 c6 2. d4 d5 3. Nc3 dxe4 4. Nxe4 Nf6 5. Nxf6+ exf6 6. c3 Bd6 7. Bd3 0-0 8. Qc2 Re8+ 9. Ne2 h5 10. 0-0 h4 11. Nf4 Nd7 12. Qd1 g6 13. Qg4 Ne5 14. Qxh4 Nxd3 15. Nxd3 Bf5 16. Nc5 Qe7 17. Be3 b6 18. Nb3 g5 19. Qh6 Qe6 20. Rfe1 Bf8 21. Qh5 Bg4 22. Bd2 Bxh5 23. Rxe6 Rxe6 24. h3 Rae8 25. Be3 Bd6 26. g4 Bg6 27. a4 Bf4 28. a5 Bxe3 29. fxe3 b5 30. Nc5 Rxe3 31. Nd7 Re1+ 32. Rxe1 Rxe1+ 33. Kf2 Rb1 34. b4 Kg7 35. Nb8 Be4 36. Ke3 Bd5 37. Nd7 Rh1 38. Kd3 Rxh3+ 39. Kc2 Rh2+ 40. Kd3 Rh3+ 41. Kc2 Rg3 42. Nb8 Rxg4 43. Na6 Rg2+ 44. Kd3 Rg3+ 45. Kc2 Rf3 46. Nc7 g4 0-1

[Event "Titled Tuesday intern op 24th Sep Early"]
[Site "Chess.com INT"]
[Date "2024.09.24"]
[Round "6"]
[White "Serra Canals, Oriol"]
[Black "Novak, Ratko"]
[Result "1-0"]
[WhiteElo "2118"]
[BlackElo "2034"]
[PlyCount "36"]
[EventDate "2024.09.24"]
[EventType "swiss (blitz)"]
[EventRounds "11"]
[EventCountry "USA"]
[SourceTitle "CB41_2024"]
[SourceDate "2024.10.09"]
[SourceVersion "1"]
[SourceVersionDate "2024.10.09"]
[SourceQuality "1"]

1. d4 d5 2. Nf3 c5 3. c3 cxd4 4. cxd4 Nc6 5. Bf4 f6 6. e3 Bg4 7. Qa4 Bxf3 8. gxf3 a6 9. Nc3 b5 10. Qb3 e5 11. Bg3 exd4 12. Nxd5 Qa5+ 13. Kd1 Rc8 14. Rc1 dxe3 15. fxe3 Qa4 16. Nc7+ Kd7 17. Bh3+ Kd8 18. Bxc8 Nb4 1-0

[Event "Catalunya-chT Gp2 Final"]
[Site "Barcelona"]
[Date "2024.04.13"]
[Round "4.8"]
[White "Armengol Comas, Joaquim"]
[Black "Serra Canals, Oriol"]
[Result "1/2-1/2"]
[WhiteElo "2025"]
[BlackElo "2143"]
[PlyCount "22"]
[EventDate "2024.03.09"]
[EventType "team-k.o."]
[EventRounds "4"]
[EventCountry "ESP"]
[SourceTitle "CB25_2024"]
[SourceDate "2024.06.01"]
[SourceVersion "1"]
[SourceVersionDate "2024.06.01"]
[SourceQuality "2"]
[WhiteTeam "Terrassa"]
[BlackTeam "Vila Olimpica"]
[WhiteTeamCountry "ESP"]
[BlackTeamCountry "ESP"]

1. e4 e6 2. d3 d5 3. Nd2 Nf6 4. Ngf3 Nc6 5. c3 e5 6. Be2 dxe4 7. dxe4 Bc5 8. b4 Bd6 9. 0-0 0-0 10. Qc2 Bg4 11. Nc4 Qe7 1/2-1/2

[Event "Titled Tuesday intern op 13th Feb Late"]
[Site "Chess.com INT"]
[Date "2024.02.13"]
[Round "3"]
[White "Janaszak, Dawid"]
[Black "Serra Canals, Oriol"]
[Result "1-0"]
[WhiteElo "2308"]
[BlackElo "2155"]
[PlyCount "44"]
[EventDate "2024.02.13"]
[EventType "swiss (blitz)"]
[EventRounds "11"]
[EventCountry "USA"]
[SourceTitle "CB08_2024"]
[SourceDate "2024.02.21"]
[SourceVersion "1"]
[SourceVersionDate "2024.02.21"]
[SourceQuality "1"]

1. e4 e6 2. b3 d5 3. Bb2 dxe4 4. Nc3 Nf6 5. Qe2 Be7 6. 0-0-0 0-0 7. Nxe4 Nbd7 8. Nf3 Nxe4 9. Qxe4 Nf6 10. Qf4 a5 11. a4 Nd5 12. Qg3 Bf6 13. Ne5 c6 14. h4 Ne7 15. Bd3 Nf5 16. Qf4 Bd7 17. g4 Nxh4 18. Nxd7 Bg5 19. Qe4 Ng6 20. Nxf8 Qxf8 21. Rh5 b5 22. Rxg5 bxa4 1-0

[Event "Titled Tuesday intern op 13th Feb Early"]
[Site "Chess.com INT"]
[Date "2024.02.13"]
[Round "2"]
[White "Serra Canals, Oriol"]
[Black "Farberov, Maxim"]
[Result "0-1"]
[WhiteElo "2155"]
[BlackElo "1959"]
[PlyCount "110"]
[EventDate "2024.02.13"]
[EventType "swiss (blitz)"]
[EventRounds "11"]
[EventCountry "USA"]
[SourceTitle "CB08_2024"]
[SourceDate "2024.02.21"]
[SourceVersion "1"]
[SourceVersionDate "2024.02.21"]
[SourceQuality "1"]

1. e4 d6 2. d4 Nf6 3. Nc3 Nbd7 4. Nf3 e5 5. Bc4 Be7 6. 0-0 c6 7. a4 0-0 8. h3 h6 9. Re1 Re8 10. a5 exd4 11. Nxd4 Ne5 12. Bb3 Ng6 13. Qf3 a6 14. Nf5 Bf8 15. Be3 Ne5 16. Qd1 Bxf5 17. exf5 d5 18. Ne2 Qd7 19. Ng3 c5 20. Ba4 Nc6 21. Qf3 Qc7 22. Bxc6 Qxc6 23. Nh5 Nxh5 24. Qxh5 Qf6 25. c3 Rad8 26. Bf4 d4 27. cxd4 cxd4 28. Bg3 Rxe1+ 29. Rxe1 Rd5 30. Qf3 Qxf5 31. Qxf5 Rxf5 32. Re8 Rd5 33. Kf1 g6 34. Ke2 Kg7 35. Kd3 Bb4 36. Re4 Bxa5 37. Rxd4 Rxd4+ 38. Kxd4 Bb6+ 39. Kd5 Kf6 40. Kd6 Bd4 41. b3 b5 42. Kc6 b4 43. Kb7 Bc3 44. Kxa6 Kf5 45. Kb5 Ke4 46. Kc4 f5 47. Bd6 f4 48. Bxb4 Bd4 49. Bc3 Bxf2 50. Bd2 g5 51. b4 f3 52. gxf3+ Kxf3 53. b5 Kg2 54. h4 gxh4 55. Bxh6 Bg3 0-1

[Event "Titled Tuesday intern op 13th Feb Late"]
[Site "Chess.com INT"]
[Date "2024.02.13"]
[Round "9"]
[White "Serra Canals, Oriol"]
[Black "Goncalves, Samuel Jesus P"]
[Result "1-0"]
[WhiteElo "2155"]
[BlackElo "2219"]
[PlyCount "121"]
[EventDate "2024.02.13"]
[EventType "swiss (blitz)"]
[EventRounds "11"]
[EventCountry "USA"]
[SourceTitle "CB08_2024"]
[SourceDate "2024.02.21"]
[SourceVersion "1"]
[SourceVersionDate "2024.02.21"]
[SourceQuality "1"]

1. d4 g6 2. Nf3 Bg7 3. g3 d6 4. Bg2 Nd7 5. 0-0 e5 6. c4 Ne7 7. Nc3 0-0 8. e4 exd4 9. Nxd4 Nc6 10. Nxc6 bxc6 11. Be3 Ne5 12. Qe2 Ba6 13. b3 Nxc4 14. bxc4 Bxc3 15. Rac1 Bg7 16. Rfd1 Qe7 17. Qc2 c5 18. Rb1 Bc8 19. e5 Bf5 20. exd6 cxd6 21. Qd2 Bxb1 22. Bxa8 Rxa8 23. Rxb1 Qe4 24. Rb3 Bf8 25. Qe2 Re8 26. f3 Qe5 27. Qd2 Qe6 28. Qc2 a5 29. Kf2 a4 30. Rd3 Bg7 31. Qxa4 Rb8 32. Rd2 h5 33. Qc2 h4 34. Qd3 hxg3+ 35. hxg3 Qh3 36. Qf1 Qf5 37. Rxd6 Rb2+ 38. Rd2 Rxd2+ 39. Bxd2 Bd4+ 40. Be3 Qc2+ 41. Qe2 Qc3 42. Bxd4 Qxd4+ 43. Kg2 Kg7 44. g4 g5 45. a4 Qa1 46. Qc2 Qd4 47. a5 Qa1 48. Qd2 f6 49. Qd7+ Kg6 50. Qd3+ Kg7 51. Qd2 Qa4 52. Qd7+ Kg6 53. Qf5+ Kg7 54. Qxc5 Qc2+ 55. Qf2 Qxc4 56. Qa7+ Kg6 57. Qf2 Kg7 58. Qb2 Qa4 59. Qb7+ Kg6 60. Qe4+ Kg7 61. Qxa4 1-0

[Event "Titled Tuesday intern op 13th Feb Early"]
[Site "Chess.com INT"]
[Date "2024.02.13"]
[Round "4"]
[White "Serra Canals, Oriol"]
[Black "Manukian, Artak"]
[Result "0-1"]
[WhiteElo "2155"]
[BlackElo "2196"]
[PlyCount "86"]
[EventDate "2024.02.13"]
[EventType "swiss (blitz)"]
[EventRounds "11"]
[EventCountry "USA"]
[SourceTitle "CB08_2024"]
[SourceDate "2024.02.21"]
[SourceVersion "1"]
[SourceVersionDate "2024.02.21"]
[SourceQuality "1"]

1. e4 c6 2. d4 d5 3. e5 Bf5 4. Nf3 e6 5. Be2 c5 6. 0-0 Nc6 7. Nbd2 cxd4 8. Nb3 Nge7 9. Nbxd4 Bg6 10. Bf4 a6 11. h3 Qb6 12. Nb3 h6 13. a4 Nf5 14. g4 Nfe7 15. Qd2 Rc8 16. a5 Qc7 17. Nc5 Bh7 18. b4 Ng6 19. Bg3 Bxc5 20. bxc5 0-0 21. c3 Na7 22. Bd3 Qxc5 23. Rfc1 Nb5 24. Bxb5 Qxb5 25. Nd4 Qd7 26. f4 Ne7 27. Bf2 Nc6 28. Ra3 Nxd4 29. Bxd4 Qb5 30. Kf2 Rc4 31. Ke3 Rfc8 32. Ra2 Be4 33. Rb2 Qc6 34. Rb6 Qc7 35. Rb2 Ra4 36. Bb6 Qc4 37. Bd4 Rxa5 38. Rxb7 Ra2 39. Rb2 Rxb2 40. Qxb2 Qd3+ 41. Kf2 Qf3+ 42. Kg1 Qh1+ 43. Kf2 Qg2+ 0-1

[Event "Titled Tuesday intern op 19th Dec Early"]
[Site "Chess.com INT"]
[Date "2023.12.19"]
[Round "1"]
[White "Serra Canals, Oriol"]
[Black "Livaic, Leon"]
[Result "0-1"]
[WhiteElo "2158"]
[BlackElo "2543"]
[PlyCount "52"]
[EventDate "2023.12.19"]
[EventType "swiss (blitz)"]
[EventRounds "11"]
[EventCountry "USA"]
[SourceTitle "CB52_2023"]
[SourceDate "2023.12.27"]
[SourceVersion "1"]
[SourceVersionDate "2023.12.27"]
[SourceQuality "1"]

1. d4 Nf6 2. c4 g6 3. Nf3 Bg7 4. Nc3 0-0 5. g3 d6 6. Bg2 Nbd7 7. 0-0 e5 8. e4 exd4 9. Nxd4 Re8 10. h3 Nc5 11. Re1 h6 12. Kh2 c6 13. b4 Ne6 14. Be3 a5 15. a3 axb4 16. axb4 Rxa1 17. Qxa1 Nxd4 18. Bxd4 Ng4+ 19. hxg4 Bxd4 20. f3 Qf6 21. Rc1 Be5 22. f4 Bd4 23. c5 Bxg4 24. cxd6 Qxd6 25. e5 Qxb4 26. Qa4 Bxc3 0-1

[Event "ESP-ch U18"]
[Site "Granada"]
[Date "2016.07.27"]
[Round "4"]
[White "Garriga Cazorla, Pere"]
[Black "Serra Canals, Oriol"]
[Result "1-0"]
[WhiteElo "2399"]
[BlackElo "1896"]
[PlyCount "85"]
[EventDate "2016.07.25"]
[EventType "swiss"]
[EventRounds "9"]
[EventCountry "ESP"]
[SourceTitle "EXT 2024"]
[Source "ChessBase"]
[SourceDate "2023.10.10"]
[SourceVersion "1"]
[SourceVersionDate "2023.10.10"]
[SourceQuality "1"]

1. d4 e6 2. c4 Nf6 3. Nc3 d5 4. Nf3 Be7 5. Bf4 0-0 6. e3 b6 7. Rc1 c5 8. cxd5 exd5 9. Bd3 Nc6 10. 0-0 Bg4 11. dxc5 bxc5 12. h3 Bh5 13. g4 Bg6 14. Bb5 Nb4 15. a3 a6 16. Be2 Nc6 17. Qa4 d4 18. Qxc6 dxc3 19. Rxc3 Be4 20. Qa4 Qb6 21. g5 Bc6 22. Qb3 Qxb3 23. Rxb3 Ne4 24. Rb6 Bd5 25. h4 c4 26. Rd1 Bc5 27. Rxd5 Bxb6 28. Bxc4 Rfd8 29. Ne5 Nd2 30. Rxd8+ Rxd8 31. Bxf7+ Kf8 32. Ba2 Bc7 33. Kg2 Bxe5 34. Bxe5 Rc8 35. Bc3 Ne4 36. Bb4+ Ke8 37. Bb1 Nc5 38. Bxh7 Ne6 39. Bg6+ Kd7 40. f4 Rc1 41. Bf5 a5 42. Bc3 Ke7 43. h5 1-0

[Event "Figueres op-A 16th"]
[Site "Figueres"]
[Date "2015.08.11"]
[Round "1"]
[White "Campos Moreno, Javier B"]
[Black "Serra Canals, Oriol"]
[Result "1-0"]
[WhiteElo "2422"]
[BlackElo "2037"]
[PlyCount "81"]
[EventDate "2015.08.11"]
[EventType "swiss"]
[EventRounds "9"]
[EventCountry "ESP"]
[SourceTitle "EXT 2016"]
[Source "ChessBase"]
[SourceDate "2015.10.08"]
[SourceVersion "1"]
[SourceVersionDate "2015.10.08"]
[SourceQuality "1"]

1. d4 e6 2. c4 d5 3. Nc3 Be7 4. Nf3 Nf6 5. Bg5 h6 6. Bh4 0-0 7. e3 b6 8. Bd3 c5 9. 0-0 cxd4 10. exd4 Nc6 11. Re1 Nb4 12. Bxf6 Bxf6 13. cxd5 Nxd3 14. Qxd3 exd5 15. Ne5 Be6 16. f4 Qd6 17. Nb5 Qb8 18. Rac1 Qb7 19. Rc7 Qa6 20. Qb3 Qa5 21. Rf1 g6 22. Rc3 Rac8 23. Nc7 Bxe5 24. fxe5 Kg7 25. Rfc1 Bf5 26. a3 Rcd8 27. Qd1 b5 28. Rc6 Qa4 29. Ra6 Qxd1+ 30. Rxd1 Bg4 31. Rc1 Rd7 32. Kf2 Rc8 33. Rac6 Kh7 34. b4 Rb8 35. Ke3 Bf5 36. R1c5 Be4 37. g3 Rc8 38. Nxb5 Rb8 39. Nd6 Bg2 40. Rc7 Rbd8 41. Nxf7 1-0